00413nam a2200145Ia 450000500170000000800460001703700120006304000200007504100130009508400220010810000130013024500440014326000710018730000090025820250508160254.0008 250505s9999 xx 000 0 eng d aTextual aFEDLbengcFEDL aeng2eng a371.97, NAIqFEDL aNaik J P 0aEducation of scheduled castes (1965-66) aNew Delhi, India bIndian Council of Philosophical Research c1971 a40p.